LEADER 00904nam0-22003131--450- 001 990008188520403321 005 20050920124543.0 010 $a88-14-05426-6 035 $a000818852 035 $aFED01000818852 035 $a(Aleph)000818852FED01 035 $a000818852 100 $a20050920d1995----km-y0itay50------ba 101 0 $aita 102 $aIT 105 $ay----n--001yy 200 1 $aGare di appalto e contratti$e457 casi pratici risolti ed annotati con gli orientamenti giurisprudenziali$fAldo Sgro 210 $aMilano$cGiuffre'$dc1995 215 $aXIV, 194 p.$d24 cm 225 1 $aCosa & come$iEnti locali 676 $a351.71$v12 rid.$zita 700 1$aSgro,$bAldo$039764 801 0$aIT$bUNINA$gRICA$2UNIMARC 901 $aBK 912 $a990008188520403321 952 $aVI D 886$b3004$fDDA 959 $aDDA 996 $aGare di appalto e contratti$9626430 997 $aUNINA LEADER 01170nam--2200361---450- 001 990003102830203316 005 20080505172714.0 010 $a88-7959-255-6 035 $a000310283 035 $aUSA01000310283 035 $a(ALEPH)000310283USA01 035 $a000310283 100 $a20080505d2002----km-y0itay50------ba 101 $aita 102 $aIT 105 $aaj--||||001yy 200 1 $aAnatomia comparata dei vertebrati$euna visione funzionale ed evolutiva$fKarel F. Liem...[et al.]$gart development by William E. Bemis e William B. Sillin 210 $aNapoli$cEdises$dcopyr. 2002 215 $aXV, 741 p.$cill.$d27 cm 500 11$aFunctional anatomy of the vertebrates $957777 606 0 $aAnatomia comparata 676 $a596.04 702 1$aLIEM,$bKarel F. 801 0$aIT$bsalbc$gISBD 912 $a990003102830203316 951 $a596.04 FUN$b36754/CBS$c596.04$d00217337 959 $aBK 969 $aSCI 979 $aCBAS$b10$c20080505$lUSA01$h0858 979 $aANGELA$b90$c20080505$lUSA01$h1054 979 $aPATRY$b90$c20080505$lUSA01$h1727 996 $aFunctional anatomy of the vertebrates$957777 997 $aUNISA